000 00832nam0a22002651 4500
001 rc\3931120
005 20250610130054.0
021 _aRU
_b[52-28379]
035 _a(NLR Aleph) 007915963
090 _a8127227
_c8127227
100 _a20130415d1951 |||y0rusy50 ca
101 1 _arus
_caze
102 _aRU
105 _aa z |||a|
200 1 _aЧернушка
_e[Рассказ
_fПер. с азерб. Т. Фараджевой
_gИл.: Н. Исмайлов]
210 _aБаку
_cДетюниздат
_d1951
215 _a52 с.
_cил.
_d22
700 1 _aАхундов
_bС.С.
_f1875-1939
_gСулейман Сани
702 1 _aИсмайлов
_bН.
_4440
702 1 _aФараджева
_bТ.
_4730
801 0 _aRU
_bNLR
_gpsbo
801 1 _aRU
_bELAR
_2rusmarc
852 _aNLR
_jДл02 Г-6/549
942 _cBOOK
980 _aNB